Detalles MARC
| 000 -LEADER |
| fixed length control field |
00912nam a2200253 a 4500 |
| 001 - CONTROL NUMBER |
| control field |
000013117 |
| 003 - CONTROL NUMBER IDENTIFIER |
| control field |
DO-SdBNP |
| 005 - DATE AND TIME OF LATEST TRANSACTION |
| control field |
20230725115327.0 |
| 008 - FIXED-LENGTH DATA ELEMENTS--GENERAL INFORMATION |
| fixed length control field |
091120s1994 dr c 000 f spa d |
| 040 ## - CATALOGING SOURCE |
| Original cataloging agency |
DO-SdBNP |
| Language of cataloging |
spa |
| Transcribing agency |
BPMSU |
| 082 #4 - DEWEY DECIMAL CLASSIFICATION NUMBER |
| Classification number |
RD863.44 |
| Item number |
R918b 1994 |
| Edition number |
22 |
| 100 1# - MAIN ENTRY--PERSONAL NAME |
| Personal name |
Rueda, Manuel, |
| Dates associated with a name |
1921-1999 |
| 245 10 - TITLE STATEMENT |
| Title |
Bienvenida y la noche : |
| Remainder of title |
(crónicas de Montecristi) / |
| Statement of responsibility, etc. |
Manuel Rueda ; prólogo José Alcántara Almánzar ; edición Andrés Blanco Díaz. |
| 260 ## - PUBLICATION, DISTRIBUTION, ETC. (IMPRINT) |
| Place of publication, distribution, etc. |
Santo Domingo : |
| Name of publisher, distributor, etc. |
Fundación Cultural Dominicana, |
| Date of publication, distribution, etc. |
1994. |
| 300 ## - PHYSICAL DESCRIPTION |
| Extent |
188 p. : |
| Other physical details |
retrs. ; |
| Dimensions |
25 cm. |
| 590 ## - LOCAL NOTE (RLIN) |
| Local note |
Inventariado, 2023/VM |
| 650 #4 - SUBJECT ADDED ENTRY--TOPICAL TERM |
| Topical term or geographic name as entry element |
Novela histórica dominicana. |
| 650 #4 - SUBJECT ADDED ENTRY--TOPICAL TERM |
| Topical term or geographic name as entry element |
Literatura dominicana. |
| 700 1# - ADDED ENTRY--PERSONAL NAME |
| Personal name |
Alcántara Almánzar, José, |
| Dates associated with a name |
1946- |
| Relator term |
pról. |
| 700 1# - ADDED ENTRY--PERSONAL NAME |
| Personal name |
Blanco Díaz, Andrés |
| Relator term |
ed. |
| 710 2# - ADDED ENTRY--CORPORATE NAME |
| Corporate name or jurisdiction name as entry element |
Fundación Cultural Dominicana, |
| 910 ## - USER-OPTION DATA (OCLC) |
| User-option data |
VMateo V. Control de calidad. BPMSU |
| 942 ## - ADDED ENTRY ELEMENTS (KOHA) |
| Source of classification or shelving scheme |
Dewey Decimal Classification |
| Koha item type |
Libros |